000 00559nam a2200193Ia 4500
005 20260120131821.0
008 008 260114s9999 xx 000 0 eng d
020 _a9781383044775
037 _aEBOOK
040 _aCRL
_beng
_cCRL
041 _aeng
_2eng
084 _qCRL
100 _aRandall
_9931565
245 0 _aCervantes in Seventeenth-Century England: The Tapestry Turned
260 _bOxford University PressOxford University Press
_c2023
856 _uhttps://academic.oup.com/book/48580
942 _cEBOOK
999 _c1523487
_d1523487